000 00301nam a2200145Ia 4500
008 220923s9999 xx 000 0 und d
082 _bRAM
100 _aRAMACHANDRAN, R.
245 0 _aLAW OF TORTS
250 _a1ST
260 _c2013
300 _a416
650 _aLaw of Torts
942 _cBK
999 _c195860
_d195860